000 00471nam a2200169Ia 4500
008 090124s9999 xx 000 0 und d
082 _b130618
100 _aइनामदार सुनील
245 _a शतकारंभ
250 _a0
300 _a222
600 _aइनामदार सुनील
630 _a शतकारंभ
700 _aइनामदार सुनील
730 _a शतकारंभ
942 _cBOOK
999 _c176707
_d176707